00902nam a2200253 i 450000500170000000800410001702000150005804000350007304100080010810000270011624501070014325000220025026400300027230000570030233600270035933700330038633800280041965000510044765000510049865000310054965000240058070000330060408400110063720220316235926.0141017s2013 ck a gs 000 j spa d a9587040201 aCO-BoRNBPbspacCO-BoRNBPerda aspa1 aReyes, Yolanda,d1959-13aEl terror de sexto "B"by otras historias del colegiocYolanda Reyes ; ilustraciones de Daniel Rabanal aSegunda edición 1aBogotábAlfaguarac2013 a78 páginasbilustraciones en blanco y negroc20 cm atextobtxt2rdacontent asin mediaciónbn2rdamedia avolumenbnc2rdacarrier14aCuentos infantiles colombianosySiglo XX2LEMB14aLiteratura infantil colombianaySiglo XX2LEMB14aEstudiantesvCuentos2LEMB14aAmorvCuentos2LEMB1 aRabanal, Daniel,eilustrador aC REY3